01687nam a2200337Ia 4500001001200000003000800012006001900020007001500039008004100054020001500095020001800110040002100128035002100149050002100170111014200191245010800333260006900441300002500510490011100535504005300646533015200699650004300851650006400894655002900958700002300987710006801010710001701078830011301095856012601208999001501334ebr10285504CaPaEBRm u cr cn|||||||||081220s2009 ne a sb 101 0 eng d z1586039547 z9781586039547 aCaPaEBRcCaPaEBR a(OCoLC)60862353114aP98b.N38 2007eb2 aNATO Advanced Study Institute on Recent Advances in Language Engineering for Low- and Middle-Density Languagesd(2007 :cBatumi, Georgia)10aLanguage engineering for lesser-studied languagesh[electronic resource] /cedited by Sergei Nirenburg. aAmsterdam, Netherlands ;aWashington, D.C. :bIOS Press,cc2009. aviii, 333 p. :bill.1 aNATO science for peace and security series. D, Information and communication security,x1874-6268 ;vv. 21 aIncludes bibliographical references and indexes. aElectronic reproduction.bPalo Alto, Calif. :cebrary,d2009.nAvailable via World Wide Web.nAccess may be limited to ebrary affiliated libraries. 0aComputational linguisticsvCongresses. 0aNatural language processing (Computer science)vCongresses. 7aElectronic books.2local1 aNirenburg, Sergei.2 aNorth Atlantic Treaty Organization.bPublic Diplomacy Division.2 aebrary, Inc. 0aNATO science for peace and security series.nSub-series D,pInformation and communication security ;vv. 21.40uhttp://site.ebrary.com/lib/rucke/Doc?id=10285504zAn electronic book accessible through the World Wide Web; click to view c1978d1978